| 000 | 01264cam a2200349 i 4500 | ||
|---|---|---|---|
| 001 | 40651 | ||
| 003 | Mx-PuUPA | ||
| 005 | 20250410124720.0 | ||
| 008 | 140415s2012 sp gr 000 0 spa d | ||
| 017 | _aB.26.527-2012 | ||
| 020 |
_a9788498924343 _qpasta dura |
||
| 040 |
_aMx-PuUPA _bspa _cMx-PuUPA _dMx-PuUPA _erda |
||
| 041 | 1 |
_aspa _heng |
|
| 100 | 1 |
_aMcGrayne, Sharon Bertsch, _d1942- _eautor _916962 |
|
| 240 | 1 | 4 |
_aThe theory that would not die. _lEspañol |
| 245 | 1 | 3 |
_aLa teoría que nunca murió / _cSharon Bertsch McGrayne ; traducción castellana de Tomás Fernández Aúz, Beatriz Eguibar |
| 250 |
_aPrimera edición / _bnoviembre |
||
| 264 | 1 |
_aBarcelona : _bCrítica, _c©2012 |
|
| 300 |
_a584 páginas ; _c23 cm |
||
| 336 |
_2rdacontent _atexto _btxt |
||
| 337 |
_2rdamedia _asin medio _bn |
||
| 338 |
_2rdacarrier _avolumen _bnc |
||
| 490 | 0 | _aDrakontos | |
| 650 | 7 |
_2armarc _aTeoría bayesiana de decisiones estadísticas _xHistoria |
|
| 700 | 1 |
_aFernández Aúz, Tomás, _etraductor |
|
| 700 | 1 |
_aEguibar, Beatriz, _etraductor |
|
| 765 | 0 |
_aMcGrayne, Sharon Bertsch, 1942- _tThe theory that would not die. |
|
| 942 |
_2ddc _cLI _h519.542 _iB4818 |
||
| 999 |
_c40651 _d40651 |
||